000 002440000a22000970004500
100 1 _aAboloyo, Dangako Wango
245 1 0 _aEl papel de las iglesias en el desarrollo
300 _aNúm 43 (2000), Páginas 13
773 0 _tPaso a paso
942 _cANA
999 _c52533
_d52533